|
|
|
|
| LEADER |
01032nas a2200253 a 4500 |
| 001 |
c000274810 |
| 003 |
CARM |
| 005 |
20071026133341.0 |
| 008 |
911122s1980 ohua 000 0 eng d |
| 019 |
1 |
|
|a 50076242
|5 LACONCORD2021
|
| 040 |
|
|
|a VCAV
|c VCAV
|
| 043 |
|
|
|a n-us---
|
| 082 |
0 |
4 |
|a 628/.4/072073
|
| 110 |
2 |
|
|a Municipal Environmental Research Laboratory.
|
| 245 |
1 |
0 |
|a Report of progress - MERL, 79.
|
| 246 |
2 |
|
|a Report of progress - Municipal Environmental Research Laboratory
|
| 260 |
|
|
|a Cincinnati, :
|b U.S. Environmental Protection Agency, Municipal Environmental Research Laboratory, Research and Development.
|
| 300 |
|
|
|a iii, 75 p. :
|b ill. ;
|c 28 cm.
|
| 500 |
|
|
|a "EPA-600/9-80-014."
|
| 500 |
|
|
|a "June 1980."
|
| 650 |
|
0 |
|a Environmental protection
|x Research
|z United States.
|
| 852 |
8 |
|
|b CARM
|h A1:AM15D0
|i F02861
|p 0392751
|f BK
|
| 999 |
f |
f |
|i 71bf4d08-737a-5c74-ab33-aff5cbb2c468
|s b3b89135-a629-5e8c-8052-9526dbfe1c30
|
| 952 |
f |
f |
|p Can circulate
|a CAVAL
|b CAVAL
|c CAVAL
|d CARM 1 Store
|e F02861
|f A1:AM15D0
|h Other scheme
|i book
|m 0392751
|